000 00448nam a2200181Ia 4500
001 17028
005 20260306170355.0
008 260306t2004||||xx |||||||||||||| ||und||
041 _aESP
082 _a657.42
_bS14 V. 1
100 _aSáez Torrecilla, Ángel
_eAUT
245 0 _aContabilidad de costes y contabilidad de gestión
260 _c2004
300 _apágs. :
_ccm.
650 _aGEN
654 _aCCO
942 _cLIB
_dJUS
_fJUS
_2ddc
_n
999 _c17028
_d17028